000 00527nam a2200217Ia 4500
999 _c93044
_d93044
003 0100
005 20190801102214.0
008 130307s9999 xx 000 0 und d
020 _a0198289642
040 _cARRUPELIB
050 _aHQ1236.W6377 1994
245 _aWomen, culture and development
245 _ba study of human capabilities
260 _aOxford
_bClarendon Press
_c1995
300 _axi
300 _b481p.23cm.
650 _aWomen rights
_xWomen in development
_xSex role
_947705
700 _aNussbaum, Martha; Glover, Jonathan
_947706
942 0 0 _04
_2lcc
_cMONOGRAPH